| 000 | 01499nam0a2200337 4500 | ||
|---|---|---|---|
| 001 | RU\NLR\BIBL_A\012565164 | ||
| 005 | 20210804133752.0 | ||
| 010 |
_a978-5-91292-338-8 _9500 |
||
| 021 |
_aRU _bКН-П-21-018309 _9КН-П-21-1425 |
||
| 035 | _a(NLR Aleph) 012565164 | ||
| 090 |
_a12472901 _c12472901 |
||
| 100 | _a20210715d2020 k y0rusy50 ca | ||
| 101 | 0 | _arus | |
| 102 | _aRU | ||
| 105 | _ay z 000zy | ||
| 181 | 0 |
_ai _baxxe |
|
| 182 | 0 | _an | |
| 200 | 1 |
_aThe improvement of labor legislation in the context of legal support for the admission of Kazakhstan to the OECD _emonograph _fZhanna A. Khamzina, Yermek A. Buribayev |
|
| 203 |
_aТекст _bвизуальный _cнепосредственный |
||
| 210 |
_aMoscow _cPRIMEC _d2020 |
||
| 215 |
_a169, [3] c. _d20 |
||
| 320 | _aБиблиогр. в конце кн. | ||
| 541 | 1 |
_aСовершенствование трудового законодательства в контексте правового обеспечения вступления Казахстана в ОЭСР _eмонография |
|
| 606 | 1 |
_aТрудовое право _yКазахстан, Республика _2nlr_sh2 _3RU\NLR\AUTH\6601555884 |
|
| 686 | 1 | _aХ627.9(5Каз) | |
| 700 | 1 |
_aChamzina _bŽ. A. _f1976- _gŽanna Amangel'dinovna _3RU\NLR\AUTH\770178689 |
|
| 701 | 1 |
_aBuribaev _bE. A. _f1975- _gErmek Abil'taevič _3RU\NLR\AUTH\770178681 |
|
| 942 | _cBOOK | ||
| 980 | _aNB | ||